Normal view
MARC view
- Sharma, Tara Nath
Entry Personal Name
001 - CONTROL NUMBER
- control field: 11595
003 - CONTROL NUMBER IDENTIFIER
- control field: OSt
005 - DATE AND TIME OF LATEST TRANSACTION
- control field: 20110117115554.0
008 - FIXED-LENGTH DATA ELEMENTS
- fixed length control field: 110117|||a|||||| | ||| d
040 ## - CATALOGING SOURCE
- Original cataloging agency: OSt
- Transcribing agency: OSt
100 ## - HEADING--PERSONAL NAME
- Personal name: Sharma, Tara Nath
670 ## - SOURCE DATA FOUND
- Source citation: Work cat.: (OSt): Sharma, Tara Nath, Blackout :, 1990.
670 ## - SOURCE DATA FOUND
- Source citation: Work cat.: (OSt): Sharma, Tara Nath, Blackout :, 1990.
